Quiz sur le Rhône - Statistiques

Statistiques générales
  • Ce quiz a été pris 6 221 fois
  • Le résultat moyen est 13 sur 20
Statistiques - réponses
Question Réponse % Correct
Préfecture et plus grande ville Lyon
99%
Numéro de la circonscription 69
96%
Région dont celle-ci fait partie Auvergne-Rhône-Alpes
96%
Deuxième plus grande ville du territoire, connue pour son club de basketball Villeurbanne
84%
Écrivain donnant son nom au principal aéroport du département Antoine de Saint-Exupéry
81%
Première gare européenne par nombre de voyageurs en correspondance Gare de Lyon-Part-Dieu
76%
Résistant célèbre qui fut arrêté à Caluire-et-Cuire en 1943 Jean Moulin
76%
Nom que celle-ci portait quand elle était capitale des Gaules Lugdunum
74%
Département avec lequel le Rhône était initialement fusionné Loire
72%
Physicien rhodanien dont le nom est associé à l'intensité du courant électrique André-Marie Ampère
68%
Chef cuisinier de Collonges-au-Mont-d'Or qui est souventconsidéré comme l'un des meilleurs du XXème siècle Paul Bocuse
64%
« Colline qui prie » surmontée par une basilique de 1884 Fourvière
63%
Plus grande place piétonnière d'Europe, située dans la préfecture Place Bellecour
61%
Département auquel celle-ci appartenait jusqu'en 1852 Isère
57%
Région viticole située au nord de la préfecture Beaujolais
56%
Massif montagneux qui s'étend sur le département du Rhône Massif Central
48%
Couleur des pierres dans cette région qui offre une activité touristique aux villages Doré
44%
Compositeur de musique électronique qui détient le record du plusgrand concert, ayant réuni 3,5 millions de personnes à Moscou Jean-Michel Jarre
42%
Seule sous-préfecture du département Villefranche-sur-Saône
41%
Infrastructure pétrolière que l'on trouve à Feyzin Raffinerie
36%
Aucun quiz correspondant
Distribution des résultats
% des personnes avec chaque résultat
Percentile par nombre de réponses
Votre historique - résultats
Vous n’avez pas pris ce quiz